000 00491nam a2200181Ia 4500
008 090122s9999 xx 000 0 und d
082 _b1357
_a891.4681
100 _aकुसुमाग्रज
245 _aमेघदूत
260 _bपॉप्युलर
_c1956
300 _a68
501 _a--
600 _aकुसुमाग्रज
630 _aमेघदूत
700 _aकुसुमाग्रज
730 _aमेघदूत
942 _cBOOK
999 _c25435
_d25435